000 00851cab a2200265 4500
001 ABS51119
008 090401t1994 xxu||||| |||| 00| 0 eng d
035 _a(Sirsi) u11267
041 _aeng
100 _aChevalier, B.
245 _aOpportunities for doing business in Portugal
260 _c1994
350 _a0
490 _aNew Law Journal
_v144(6656) 15 July 1994, 984-985(2)
520 _aLooks at opportunities for foreign companies in Portugal, considering joint ventures, Portugese company law, the banking system, and investment incentives.
650 _aERDF
650 _aEUROPE
650 _aFOREIGN INVESTMENT
650 _aPORTUGAL
650 _aPORTUGESE FOREIGN TRADE AND INVESTMENT INSTITUTE
690 _aPROPERTY-PROPERTY FINANCE AND INVESTMENT
690 _aOVERSEAS-EUROPE
942 _n0
948 _c04/03/1997
999 _c7171
_d7171